Build to rent (Record no. 115826)

MARC details
000 -LEADER
fixed length control field 01186cam a22002535a 4500
001 - CONTROL NUMBER
control field L159350
008 - FIXED-LENGTH DATA ELEMENTS--GENERAL INFORMATION
fixed length control field 161010s2016 xxk f 000 0 eng d
035 ## - SYSTEM CONTROL NUMBER
System control number (Sirsi) u159350
041 0# - LANGUAGE CODE
Language code of text/sound track or separate title eng
050 04 - LIBRARY OF CONGRESS CALL NUMBER
Classification number F711.026
110 2# - MAIN ENTRY--CORPORATE NAME
Corporate name or jurisdiction name as entry element Urban Land Institute
9 (RLIN) 3094
245 00 - TITLE STATEMENT
Title Build to rent
Remainder of title A best practice guide
250 ## - EDITION STATEMENT
Edition statement 2 ed
260 ## - PUBLICATION, DISTRIBUTION, ETC.
Place of publication, distribution, etc. London
Name of publisher, distributor, etc. Urban Land Institute
Date of publication, distribution, etc. 2016
520 ## - SUMMARY, ETC.
Summary, etc. Considers best practice guidelines for the private build to rent sector aimed at providing high quality properties for the private rented sector. Looks at opportunities for buy to rent developments including issues such valuation and planning, form and layout of the site, fit-out specifications and strategic build to rent management. Examines factors such as location, scale, the exterior, public and private interior zones. services and utilities. Indepth case studies with graphs and diagrams are used throughout.
520 ## - SUMMARY, ETC.
Summary, etc. Supersedes 1 ed 2014
590 ## - LOCAL NOTE (RLIN)
Local note KA
651 #4 - SUBJECT ADDED ENTRY--GEOGRAPHIC NAME
Geographic name United Kingdom
Chronological subdivision
690 ## - LOCAL SUBJECT ADDED ENTRY--TOPICAL TERM (OCLC, RLIN)
Topical term or geographic name as entry element Residential property
9 (RLIN) 6266
690 ## - LOCAL SUBJECT ADDED ENTRY--TOPICAL TERM (OCLC, RLIN)
Topical term or geographic name as entry element Planning and development
9 (RLIN) 6259
690 ## - LOCAL SUBJECT ADDED ENTRY--TOPICAL TERM (OCLC, RLIN)
Topical term or geographic name as entry element Sustainability
9 (RLIN) 6271
710 1# - ADDED ENTRY--CORPORATE NAME
Corporate name or jurisdiction name as entry element UK Residential Council
942 ## - ADDED ENTRY ELEMENTS (KOHA)
Suppress in OPAC 0
Holdings
Withdrawn status Lost status Source of classification or shelving scheme Damaged status Not for loan Home library Current library Shelving location Date acquired Total Checkouts Full call number Barcode Date last seen Copy number Price effective from Koha item type
    Dewey Decimal Classification     London London Books 10/10/2016   F711.026 URB 30078326 06/08/2019 1 06/08/2019 Book